| 000 | 00417nam a2200157 i 4500 | ||
|---|---|---|---|
| 001 | 59877 | ||
| 003 | ES-MaACL | ||
| 005 | 20230906164120.0 | ||
| 007 | t| | ||
| 008 | 031031s1928 cu ||||1| spa d | ||
| 100 | 1 |
_aErasmo Callorda, Pedro. _947349 |
|
| 245 | 1 | 0 |
_aEvocando el pasado Batlle / _cPedro Erasmo Callorda. |
| 260 |
_aHabana : _bHermes, _c1928. |
||
| 300 |
_a76 p. ; _c17 cm. |
||
| 852 |
_aES-MaACL _jF-13893 |
||
| 999 |
_c59877 _d59877 |
||